000 00517nam a2200193Ia 4500
003 BUBTL
008 151213s9999 xx 000 0 und d
020 _a9812-53-030-4
082 _a337.09SAI
100 _aSalvatore,Dominick
_9285
245 _aInternational Economics
_cDominick Salvatore
250 _a8th ed.
260 _aIndia :
_bJhon Wiley & Sons,
_cc2005.
300 _axxiv,813 p.
_c21cm.
650 _aEconomics
856 _k0
_l0
_yDownload
942 _2ddc
_cBK
999 _c4775
_d4775